Educational technology: (Record no. 153875)

MARC details
000 -LEADER
fixed length control field 00581nam a22001937a 4500
003 - CONTROL NUMBER IDENTIFIER
control field dpl
005 - DATE AND TIME OF LATEST TRANSACTION
control field 20180712121418.0
008 - FIXED-LENGTH DATA ELEMENTS--GENERAL INFORMATION
fixed length control field 180712b xxu||||| |||| 00| 0 eng d
020 ## - INTERNATIONAL STANDARD BOOK NUMBER
International Standard Book Number 8175412119
Terms of availability 0.00
035 ## - SYSTEM CONTROL NUMBER
System control number B-164423
040 ## - CATALOGING SOURCE
Original cataloging agency DPL
Language of cataloging EN
Transcribing agency 0
082 ## - DEWEY DECIMAL CLASSIFICATION NUMBER
Classification number DAH
100 ## - MAIN ENTRY--PERSONAL NAME
Personal name Dahiya, Surender S
245 ## - TITLE STATEMENT
Title Educational technology:
Remainder of title Toward better teacher performance/
Statement of responsibility, etc by Surender S Dahiya
260 ## - PUBLICATION, DISTRIBUTION, ETC. (IMPRINT)
Place of publication, distribution, etc Delhi
Name of publisher, distributor, etc Shipra publications
Date of publication, distribution, etc 2004
300 ## - PHYSICAL DESCRIPTION
Extent xiii;,250p;
Dimensions 23cm.(hbk)
500 ## - GENERAL NOTE
General note including bibliography
942 ## - ADDED ENTRY ELEMENTS (KOHA)
Source of classification or shelving scheme Dewey Decimal Classification
Koha item type English Books
Classification part 371.3078
Call number suffix DAH
Holdings
Withdrawn status Lost status Source of classification or shelving scheme Damaged status Not for loan Collection code Home library Current library Date acquired Source of acquisition Cost, normal purchase price Total Checkouts Total Renewals Full call number Barcode Date last seen Date checked out Cost, replacement price Price effective from Koha item type
    Dewey Decimal Classification     Non-fiction Patel Nagar Patel Nagar 12/07/2018 BPPD/PUB 0.00 3   371.3078 DAH B-164423 13/04/2021 30/03/2021 0.00 12/07/2018 English Books

© Delhi Public Library
Hit Counter
free hit counter